000 00619nam a2200157Ia 4500
001 140654
003 232922
005 20240215112233.0
008 ||||||n9999 ||| || ||
100 1 _aAriza Barbosa, Nilce
_9172228
245 0 _aReconocimiento, participación e incidencia de los jóvenes en la formulación y desarrollo de políticas públicas en el municipio de Tunja a partir de la ley de juventud 375 de 1997
562 _e1
650 _aJÓVENES--POLÍTICAS PÚBLICAS--TUNJA (BOYACÁ, COLOMBIA)
_9172229
650 _aPARTICIPACIÓN JUVENIL--TUNJA (BOYACÁ, COLOMBIA)
_9172230
942 _cTESIS
999 _c140654
_d140654